| 000 | 01539nam a2200301 i 4500 | ||
|---|---|---|---|
| 001 | 161481 | ||
| 003 | ES-MaACL | ||
| 005 | 20250814081540.0 | ||
| 008 | 970324s1867 sp |||| | spa d | ||
| 080 | _a929 Mutis, José Celestino | ||
| 080 | _a929 Ruiz, Hipólito | ||
| 080 | _a910.4(861)"17-18" | ||
| 080 | _a910.4(85)"17-18" | ||
| 100 | 1 |
_aPascual de Miguel, Tomás. _9130874 |
|
| 245 | 1 | 0 |
_aDiscurso leído ante el claustro de la Universidad Central / _cpor Don Tomás Pascual de Miguel en el acto solemne de recibir la investidura de doctor en la Facultad de Farmacia. |
| 260 |
_aMadrid : _b[s.n.], _c1867 ( _fEstab. Tip. de J. Peña) |
||
| 300 |
_a30 p. ; _c21 cm. |
||
| 530 | _aDisponible en formato digital. | ||
| 594 | _aTema: Juicio comparativo sobre las dos expediciones botánicas hechas al Nuevo Mundo por D. Hipólito Ruiz y D. José Celestino Mutis. | ||
| 600 | 1 | 4 |
_aMutis, José Celestino. _984734 |
| 600 | 1 | 4 |
_aRuiz, Hipólito. _9100610 |
| 611 | 2 | 7 |
_aReal Expedición Botánica del Nuevo Reino de Granada _d(1783-1816) _2 _9165859 |
| 611 | 2 | 7 |
_aExpedición Botánica al Virreinato del Perú _d(1777-1788) _2 _9160867 |
| 710 | 2 |
_aUniversidad Central (Madrid) _97084 |
|
| 852 | 4 |
_aES-MaACL _jT-668-F-2 _z- Enc. hol., falto de cub. original _z- Enc. en un vol. facticio _z- Ded. ms. del socio fundador Gustavo Sáenz Díez a la Biblioteca de los "Escolares Médicos" |
|
| 856 | 4 |
_uhttp://bdh-rd.bne.es/viewer.vm?id=0000085772&page=1 _zBiblioteca Digital Hispánica |
|
| 999 |
_c161481 _d161481 |
||